000 00353cam a22001217a 4500
008 180718b2002 xxu||||| |||| 00| 0 eng d
020 _a81 267 0467 5
100 _achendershekher
245 _aEk doosre sikher se samnvad-3
_cby chendershekher eidted by Harivans
260 _aNew Delhi
_bRajkamal Prakashan
_c2002
300 _a228p.
700 _aHarivans
999 _c439551
_d439551